Návrh na zefektívnenie výrobného procesu na vybranej montážnej linke v podniku Novares Slovakia Automotive s.r.o.
Saved in:
| Main Author: | |
|---|---|
| Other Authors: | |
| Format: | Manuscript Book |
| Language: | Slovak |
| Published: |
2025
|
| Subjects: | |
| Online Access: | http://is.stuba.sk/zp/portal_zp.pl?podrobnosti=183761 |
| Tags: |
No Tags, Be the first to tag this record!
|
MARC
| LEADER | 00000ntm a22000003a 4500 | ||
|---|---|---|---|
| 001 | stuzp103986 | ||
| 003 | SK-STU | ||
| 005 | 20250614212517.1 | ||
| 007 | ta | ||
| 008 | 150427s2015----xo-----f-mn---000-0-slo-d | ||
| 040 | |a STU |b slo | ||
| 041 | 0 | |a slo | |
| 100 | 1 | |a Grman, Patrik |u 064000 |4 aut |U MTF Materiálovotechnologická fakulta |T MTF Ústav priemyselného inžinierstva a manažmentu |X 111583 |U M4000 |Y 84 |7 111583 | |
| 242 | 0 | 1 | |a Proposal for improving production process on the selected assembly line in Novares Slovakia Automotive s.r.o. |y eng |
| 245 | 1 | 0 | |a Návrh na zefektívnenie výrobného procesu na vybranej montážnej linke v podniku Novares Slovakia Automotive s.r.o. |
| 260 | |c 2025 | ||
| 650 | 4 | |a waste |2 eng | |
| 650 | 4 | |a manufacturing process |2 eng | |
| 650 | 4 | |a 5S |2 eng | |
| 650 | 4 | |a Lean manufacturing |2 eng | |
| 650 | 4 | |a plytvanie |2 slo | |
| 650 | 4 | |a 5S |2 slo | |
| 650 | 4 | |a výrobný proces |2 slo | |
| 650 | 4 | |a štíhla výroba |2 slo | |
| 700 | 1 | |a Jurík, Lukáš |u 064000 |k Z1 |4 ths |U MTF Materiálovotechnologická fakulta |T MTF Ústav priemyselného inžinierstva a manažmentu |X 57263 |U M4000 |Y 84 |7 A000057263 | |
| 856 | 4 | |u http://is.stuba.sk/zp/portal_zp.pl?podrobnosti=183761 | |
| 996 | |c M* DP-15532 |l MMSKP |s P |a 0 |w stuzp103986_0001 | ||